| 000 | 00465nam a2200205Ia 4500 | ||
|---|---|---|---|
| 008 | 210210b1940 xxu||||| |||| 00| 0 eng d | ||
| 041 | _aeng | ||
| 082 | _a331/238 | ||
| 100 | _aTHOMAS | ||
| 245 | _aCommodity prices in India 1918-1938 | ||
| 260 |
_aMadras _bUniversity of Madras _c1940 |
||
| 650 | _aprices | ||
| 650 | _aIndia | ||
| 650 | _ain | ||
| 650 | _aCommodity | ||
| 650 | _a1918-1938 | ||
| 690 | _aBanking | ||
| 700 | _aSASTRY | ||
| 906 | _a004140 | ||
| 999 |
_c123199 _d123199 |
||